|
|
|
|
| LEADER |
00611cam a2200193 7i4500 |
| 001 |
0000028052 |
| 005 |
20130122090000.0 |
| 020 |
0 |
0 |
|a 9781843345497
|
| 090 |
0 |
0 |
|a CHIN 332.6730951
|b CHU
|
| 100 |
1 |
0 |
|a Chung
|
| 245 |
1 |
0 |
|a Doing business successfully in China.
|
| 260 |
0 |
0 |
|a Oxford:
|b Chandos Publishing,
|c 2011.
|
| 300 |
# |
# |
|a 228 p.
|
| 650 |
0 |
0 |
|a International business enterprises --
|z China
|
| 650 |
0 |
0 |
|a Investments, Foreign --
|z China
|
| 650 |
0 |
0 |
|a Business etiquette --
|z China
|
| 650 |
0 |
0 |
|a China --
|x Economic policy --
|y 200-
|
| 651 |
0 |
0 |
|a China
|
| 999 |
|
|
|a B000031382
|b Book
|c Countries
|e Business Information Centre
|